000 02122cam a2200313 4500500
005 20251228053401.0
041 _afre
042 _adc
100 1 0 _aPichard, Georges
_eauthor
245 0 0 _aLes comptes d'une « société de bêtes à laine » pour la transhumance et l'hivernage (1750-1761)
260 _c2006.
500 _a28
520 _aRésuméIl est rare de rencontrer une comptabilité couvrant plus de 10 années (1750-1761) pour une société « de bêtes à laine ». Celle de Guillaume de Nicolaï est tirée de son livre de raison, au milieu d’autres comptes d’affaires et d’informations sur la famille. Nicolaï était un érudit et riche noble de province qui avait ses entrées à la Cour. Ces comptes concernent l’hivernage et l’estivage de troupeaux considérables. Ils permettent de se faire une idée du rapport financier de cette activité d’élevage au cœur du xviiie siècle.
520 _aIt is rare to find accounts covering more than ten years (1750-1761) of the activities of a « société de bêtes à laine » (woollen livestock association). The accounts of Guillaume de Nicolaï are drawn from his Day Book, which also contains other business accounts and informations about his family. Nicolaï was an educated and wealthy member of the provincial nobility, with access to the Court. These accounts are concerned with winter and summer pasturing of large flocks. They allow us to get an idea of the financial return of this aspect of stock-rearing activities in the middle of the 18th century.
690 _abaile
690 _abêtes à laine
690 _acomptabilité
690 _aélevage
690 _arapport financier
690 _atranshumance
690 _aaccounting
690 _abaile
690 _afinancial reporting
690 _astock-rearing
690 _atranshumance
690 _awoollen livestock
786 0 _nHistoire & Sociétés Rurales | 25 | 1 | 2006-07-06 | p. 115-129 | 1254-728X
856 4 1 _uhttps://shs.cairn.info/revue-histoire-et-societes-rurales-2006-1-page-115?lang=fr&redirect-ssocas=7080
999 _c1585314
_d1585314